The impact of office layout on productivity (Record no. 80548)

MARC details
000 -LEADER
fixed length control field 00853cab a22001815a 4500
001 - CONTROL NUMBER
control field L144690
008 - FIXED-LENGTH DATA ELEMENTS--GENERAL INFORMATION
fixed length control field 080805s2008 xxkad f s 000 0 eng d
035 ## - SYSTEM CONTROL NUMBER
System control number (Sirsi) u144690
041 0# - LANGUAGE CODE
Language code of text/sound track or separate title eng
100 1# - MAIN ENTRY--PERSONAL NAME
Personal name Haynes, Barry P.
245 04 - TITLE STATEMENT
Title The impact of office layout on productivity
260 ## - PUBLICATION, DISTRIBUTION, ETC.
Date of publication, distribution, etc. 2008
490 #0 - SERIES STATEMENT
Series statement Journal of Facilities Management
Volume/sequential designation 6(3) 2008, 189-201(13)
520 ## - SUMMARY, ETC.
Summary, etc. Seeks to evaluate the impact office layout has on occupiers' productivity. By evaluating the literature, finds that the link between office layout, office occupiers' work patterns and productivity is not clearly established. Finds that productivity gains can be made when a link is established between office layout and the occupiers? work patterns.
651 #4 - SUBJECT ADDED ENTRY--GEOGRAPHIC NAME
Geographic name United Kingdom
Chronological subdivision
690 ## - LOCAL SUBJECT ADDED ENTRY--TOPICAL TERM (OCLC, RLIN)
Topical term or geographic name as entry element PROPERTY-COMMERCIAL PROPERTY-OFFICE PROPERTY-OFFICES
942 ## - ADDED ENTRY ELEMENTS (KOHA)
Suppress in OPAC 0
Holdings
Withdrawn status Lost status Source of classification or shelving scheme Damaged status Not for loan Home library Current library Shelving location Date acquired Total Checkouts Full call number Barcode Date last seen Copy number Price effective from Koha item type
    Dewey Decimal Classification     London London Journal article 05/08/2008   L144690 144690-1001 06/08/2019 1 06/08/2019 Journal article